000 00442nam a2200157 i 4500
001 82625
003 ES-MaACL
005 20230906174715.0
007 t|
008 041111s1973 sp ||||1| spa d
100 1 _aIcaza, Jorge.
_965036
245 1 0 _aHijos del viento
_b: (Huairapamushcas) : novela /
_cJorge Icaza.
260 _a[Barcelona :
_bPlaza & Janés,
_c1973]
300 _a184 p. ;
_c19 cm.
852 _aES-MaACL
_jC-54134
_bR.86981
999 _c82625
_d82625